LEADER 01457nam a2200301 a 4500 001 000000163412 003 CaOOAMICUS 005 20171013114541.0 008 171013s1989 ohu m u000 u eng r 032 $aLibriCat 040 $aPUL$bita 100 1 $aDuggan, Paul E.$0(OLS)http://pul/name/104966 245 14$aThe assumption dogma: some reactions and ecumenical implications in the thought of english-speaking theologians /$cby Paul E. Duggan. 260 $aDayton (Ohio) :$bInternational Marian Research Institute,$c1989. 300 $av, 235 p. ;$c23 cm. 502 $aTesi. Pontificia Facoltą Teologica Marianum. 1989. 504 $aBibliografia in nota a pič pagina. 650 4$aMariologia.$0(OLS)http://pul/subject/28018 710 2 $aPontificia Facoltą Teologica "Marianum".$kTesi.$0(OLS)http://pul/name/82120 850 $aPUL 852 $aPUL$W1$xDP1 Tesi Pon. Fac. Marianum$y38$mTH MAR 55$j187511$qTesi$B190643$CPULBib$Z2$F190643 $H70253 $82 910 $aFacoltą teologica "Marianum".$bIstituto di mariologia$982120 941 1 $a16 960 $aMaria Virgo,$cs.$928018 960 $aMaria Virgo,$cs.$928018 996 $6245$aThe assumption dogma: some reactions and ecumenical implications in the thought of english-speaking theologians$9(OLS)http://pul/title/203131 996 $6260$aDayton (Ohio) :$bInternational Marian Research Institute$9(OLS)http://pul/publisher/81412 LEADER 02100nam a2200385 u 4500 001 000000005104 003 CaOOAMICUS 005 20070226104726.0 008 941010s1965 it u000 u ita u 035 $a10134941 040 $aPUL(R)$bita 245 03$aLa Chiesa del Vaticano II :$bstudi e commenti intorno alla costituzione dommatica "Lumen gentium" /$copera collettiva diretta da Guilherme Baraśna. 250 $a3a ed. riv. e agg. 260 $aFirenze :$bVallecchi,$cc1965. 300 $axxiv, 1346 p. ;$c25 cm 490 1 $aI nuovi padri. Saggi sul cristianesimo del nostro tempo ;$vvol. speciale, 1 500 $aEd. ital. a cura di Samuele Olivieri O.F.M. 500 $aTit. orig.: A Ireja do Concilio Vaticano Segundo. 500 $aText of the "Constitutio dogmatica de Ecclesia" in Latin and Italian (p. [9]-107) 504 $aIncludes bibliographies. 611 24$aConcilium Vaticanum$n(2 :$d1962-1965)$tLumen gentium.$0(OLS)http://pul/subject/23276 650 04$aChiesa cattolica$xpastorale$xgiovani.$0(OLS)http://pul/subject/2596 650 0$aChurch.$2//eng$0(OLS)http://pul/subject/4479 700 1 $aBaraśna, Guilherme,$cO.F.M.,$d1929-$0(OLS)http://pul/name/2066 730 0 $aIgreja do Concilio vaticano segundo.$lLatino e italiano.$0(OLS)http://pul/title/7458 830 2$aI nuovi padri. Saggi sul cristianesimo del nostro tempo ;$vvol. speciale, 1.$0(OLS)http://pul/title/2847 850 $aPUL 852 $aPUL$W1$xSL Religione 1$y3$m30 I 17$j7141$nBK-PRI$b $qStampati$B7141$CPULBib$Z2$F7141 $H $81 852 $aPUL$W1$xDP1 Fondo Dalla Palma$y117$m3 F 28$j166568$qFondi$B195622$CPULBib$Z2$F195622 $HDal2205 $81 941 1 $a1 941 1 $a8 960 $aConcilium Vaticanum$n(2 :$d1962-1965)$tConstitutio dogmatica de Ecclesia$923276 960 $aLumen gentium$923276 996 $6245$aLa Chiesa del Vaticano II :$bstudi e commenti intorno alla costituzione dommatica "Lumen gentium"$9(OLS)http://pul/title/7457 996 $6260$aFirenze :$bVallecchi$9(OLS)http://pul/publisher/47977